Podnikový knowledge management - konkurenčná výhoda

Pokračovanie série článkov o úlohách podnikového knowledge managementu. Transportovanie tímového vytvárania, zlepšovania a zdieľania mentálnych modelov. Etapy mentálneho modelu.

Enregistré dans:
Détails bibliographiques
Auteur principal: Burger, Ivan
Format: Chapitre de livre
Langue:slovaque
Sujets:
Tags: Ajouter un tag
Pas de tags, Soyez le premier à ajouter un tag!

MARC

LEADER 00000naa a2200000 4500
001 0124108
005 20231116120907.2
041 0 |a slo 
044 |a SK 
245 1 0 |a Podnikový knowledge management - konkurenčná výhoda  |c Ivan Burger 
520 |a Pokračovanie série článkov o úlohách podnikového knowledge managementu. Transportovanie tímového vytvárania, zlepšovania a zdieľania mentálnych modelov. Etapy mentálneho modelu. 
610 2 0 |a manažéri 
610 2 0 |a manažment znalostný 
610 2 0 |a riadenie podnikové 
610 2 0 |a riadenie znalostí 
610 2 0 |a modely riadenia 
610 2 0 |a učiaca sa organizácia 
610 2 0 |a kultúra podniková 
610 2 0 |a výhody konkurenčné 
100 1 |a Burger, Ivan